Там, где нас нет: повесть и рассказы
| Glavni autor: | |
|---|---|
| Sažetak: | Старый друг погиб, вывалившись из окна, — нелепейшая, дурацкая смерть! Отношения с любимой женой вконец разладились. Павлу Волкову кажется, что он не справится с навалившимися проблемами, с несправедливостью и непониманием.Волкову кажется, что все самое лучшее уже миновало, осталось в прошлом, том самом, где было так хорошо и которого нынче нет и быть не может. Волкову кажется, что он во всем виноват, даже в том, что у побирающегося на улице малыша умерла бабушка и он теперь совсем один, а разве может шестилетний малыш в одиночку сражаться с жизнью?.. И все-таки он во всем разберется — иначе и жить не стоит!.. И сделает выбор, потому что выбор есть всегда, и узнает, кто виноват в смерти друга. А когда станет легко и не страшно, он поймет, что все хорошо — не только там, где нас нет. Но и там, где мы есть, тоже!.. Исключено из фонда НТБ ТПУ |
| Jezik: | ruski |
| Izdano: |
Москва, Эксмо, 2014
|
| Serija: | Первая среди лучших |
| Teme: | |
| Format: | MixedMaterials Knjiga |
| KOHA link: | https://koha.lib.tpu.ru/cgi-bin/koha/opac-detail.pl?biblionumber=256829 |
MARC
| LEADER | 00000nam0a2200000 4500 | ||
|---|---|---|---|
| 001 | 256829 | ||
| 005 | 20260407102033.0 | ||
| 010 | |a 9785699445400 | ||
| 035 | |a (RuTPU)RU\TPU\book\279572 | ||
| 090 | |a 256829 | ||
| 100 | |a 20140411d2014 m y0rusy50 ca | ||
| 101 | 0 | |a rus | |
| 102 | |a RU | ||
| 105 | |a y z 000ay | ||
| 200 | 1 | |a Там, где нас нет |e повесть и рассказы |f Т. В. Устинова | |
| 210 | |a Москва |c Эксмо |d 2014 | ||
| 215 | |a 320 с. | ||
| 225 | 1 | |a Первая среди лучших | |
| 330 | |a Старый друг погиб, вывалившись из окна, — нелепейшая, дурацкая смерть! Отношения с любимой женой вконец разладились. Павлу Волкову кажется, что он не справится с навалившимися проблемами, с несправедливостью и непониманием.Волкову кажется, что все самое лучшее уже миновало, осталось в прошлом, том самом, где было так хорошо и которого нынче нет и быть не может. Волкову кажется, что он во всем виноват, даже в том, что у побирающегося на улице малыша умерла бабушка и он теперь совсем один, а разве может шестилетний малыш в одиночку сражаться с жизнью?.. И все-таки он во всем разберется — иначе и жить не стоит!.. И сделает выбор, потому что выбор есть всегда, и узнает, кто виноват в смерти друга. А когда станет легко и не страшно, он поймет, что все хорошо — не только там, где нас нет. Но и там, где мы есть, тоже!.. | ||
| 333 | |a Исключено из фонда НТБ ТПУ | ||
| 606 | 1 | |a Русская литература современная |2 stltpush |3 (RuTPU)RU\TPU\subj\26373 |9 50316 | |
| 610 | 1 | |a детективы | |
| 610 | 1 | |a приключения | |
| 610 | 1 | |a романы | |
| 610 | 1 | |a любовь | |
| 675 | |a Р2 |v 3 | ||
| 700 | 1 | |a Устинова |b Т. В. |g Татьяна Витальевна | |
| 801 | 1 | |a RU |b 63413507 |c 20140411 | |
| 801 | 2 | |a RU |b 63413507 |c 20140710 |g RCR | |
| 942 | |c BK | ||